The Golden Gate (Record no. 351924)

000 -LEADER
fixed length control field 00461nam a22001937a 4500
003 - CONTROL NUMBER IDENTIFIER
control field OSt
005 - DATE AND TIME OF LATEST TRANSACTION
control field 20180116183058.0
008 - FIXED-LENGTH DATA ELEMENTS--GENERAL INFORMATION
fixed length control field 161028b xxu||||| |||| 00| 0 eng d
020 ## - INTERNATIONAL STANDARD BOOK NUMBER
International Standard Book Number 0571200389
040 ## - CATALOGING SOURCE
Transcribing agency 0
082 ## - DEWEY DECIMAL CLASSIFICATION NUMBER
Classification number 813.54 SET 1986
100 ## - MAIN ENTRY--PERSONAL NAME
Personal name Seth,Vikram
245 ## - TITLE STATEMENT
Title The Golden Gate
Statement of responsibility, etc. Vikram Seth
260 ## - PUBLICATION, DISTRIBUTION, ETC.
Place of publication, distribution, etc. Great Britain
Name of publisher, distributor, etc. Faber and Faber
Date of publication, distribution, etc. 1986
300 ## - PHYSICAL DESCRIPTION
Extent 307p.
Other physical details PB.
440 ## - SERIES STATEMENT/ADDED ENTRY--TITLE
Title The Golden Gate
500 ## - GENERAL NOTE
General note PB.
942 ## - ADDED ENTRY ELEMENTS (KOHA)
Source of classification or shelving scheme
Koha item type Book
Holdings
Withdrawn status Lost status Source of classification or shelving scheme Damaged status Not for loan Collection code Permanent Location Current Location Shelving location Date acquired Total Checkouts Full call number Barcode Date last seen Price effective from Koha item type
            Central Library (CL) Central Library (CL) General Stacks 10/28/2016   813.54 SET 1986 NBSD-2889 06/26/2023 10/28/2016 Book
© 2023 Central Library, National University of Sciences and Technology. All Rights Reserved.